New techniques for risk management in planning and public consultation (Record no. 111010)

MARC details
000 -LEADER
fixed length control field 01017cad a22001935a 4500
001 - CONTROL NUMBER
control field L150894
008 - FIXED-LENGTH DATA ELEMENTS--GENERAL INFORMATION
fixed length control field 100913s2010 xxk f 000 0 eng d
035 ## - SYSTEM CONTROL NUMBER
System control number (Sirsi) u150894
041 0# - LANGUAGE CODE
Language code of text/sound track or separate title eng
110 2# - MAIN ENTRY--CORPORATE NAME
Corporate name or jurisdiction name as entry element Field Fisher Waterhouse
9 (RLIN) 5879
245 00 - TITLE STATEMENT
Title New techniques for risk management in planning and public consultation
Medium [electronic resource]
260 ## - PUBLICATION, DISTRIBUTION, ETC.
Place of publication, distribution, etc. London
Name of publisher, distributor, etc. Field Fisher Waterhouse
Date of publication, distribution, etc. 2010
520 ## - SUMMARY, ETC.
Summary, etc. Booklet explains the new requirements for increased public consultation in relation to planning applications. Argues for a more proactive approach for both developers and authorities to comply with the new requirements introduced by legislation such as the Planning Act 2008.
590 ## - LOCAL NOTE (RLIN)
Local note KA
651 #4 - SUBJECT ADDED ENTRY--GEOGRAPHIC NAME
Geographic name England and Wales
Chronological subdivision 1543-
690 ## - LOCAL SUBJECT ADDED ENTRY--TOPICAL TERM (OCLC, RLIN)
Topical term or geographic name as entry element ENVIRONMENTAL AND LAND CONSULTANCY-PLANNING AND DEVELOPMENT-PLANNING GUIDANCE
856 40 - ELECTRONIC LOCATION AND ACCESS
Uniform Resource Identifier <a href="https://www.ffw.com/pdf/New-techniques-for-risk-management-in-planning-and-public-consultation.pdf">https://www.ffw.com/pdf/New-techniques-for-risk-management-in-planning-and-public-consultation.pdf</a>
Public note View this item free of charge at www.ffw.com
942 ## - ADDED ENTRY ELEMENTS (KOHA)
Suppress in OPAC 0
Holdings
Withdrawn status Lost status Source of classification or shelving scheme Damaged status Not for loan Home library Current library Shelving location Date acquired Total Checkouts Full call number Barcode Date last seen Copy number Price effective from Koha item type
    Dewey Decimal Classification     Virtual Virtual Online 13/09/2010   ONLINE PUBLICATION 150894-2001 06/08/2019 1 06/08/2019 Book